Logo biblioteca
Santa Fe 2917, Rosario, Santa Fe
Lu-Vi 8 a 19.45
+54-341-4232362
bibliotecaeudoro@gmail.com
Facebook Biblioteca Pedagógica
Sitio web

Lectura 6 : (Registro nro. 32756)

Detalles MARC
000 -CABECERA
campo fijo de control de longitud 00797nam a22002531a 4500
001 - NÚMERO DE CONTROL
campo de control 32756
003 - IDENTIFICADOR DEL NÚMERO DE CONTROL
campo de control AR-RoBPED
005 - FECHA Y HORADE LA ULTIMA TRANSACCION
campo de control 20260514101727.0
007 -
campo fijo de control de longitud ta
008 - ELEMENTOS DE LONGITUD FIJA--INFORMACION GENERAL
campo fijo de control de longitud 260513s1992 ag a|||brf||||||1 ||spa
020 ## - ISBN
ISBN 950461820
040 ## - FUENTE CATALOGADORA
Centro catalogador/agencia de origen AR-BaBN
Convenciones de descripción aacr
Agencia que realiza la modificación AR-RoBPED
041 ## - IDIOMA
Código de idioma para texto/pista de sonido o título independiente spa
100 1# - ENCABEZAMIENTO PRINCIPAL--AUTOR PERSONAL
Nombre de persona Basch, Adela
Fechas nac-muerte 1946-
Función autora
Relator code aut
9 (RLIN) 17393
245 10 - TITULO
Título Lectura 6 :
Subtítulo Lectores en su tinta /
Mención de responsabilidad Adela Basch, Beatriz Fernández de Reboursin.
260 ## - PUBLICACION
Lugar Buenos Aires :
Editor Santillana,
Fecha 1992.
300 ## - DESCRIPCION FISICA
Extensión 216 p.
650 #4 - TERMINO DE MATERIA--CONTROLADO
Término controlado ARCHIVO INFANTIL
9 (RLIN) 24464
Término controlado LIBROS DE LECTURA
9 (RLIN) 15325
Término controlado SEXTO GRADO
9 (RLIN) 1465
700 1# - ENCABEZAMIENTO SECUNDARIO--AUTOR PERSONAL
Nombre de persona Fernández de Reboursin, Beatriz
9 (RLIN) 5674
942 ## - ELEMENTOS KOHA
Fuente de clasificación Universal Decimal Classification
Número Koha K. 32756
Koha tipo de ítem Libro
Clasificación 372.4
Pre signatura IA
Signatura librística B 24
N° inventario Inv. 42442
945 ## - PROCESAMIENTO DE LA INFORMACIÓN LOCAL
Catalogador y fecha nn 13/05/2026 - 14/05/2026
Existencias
Estado retirado Estado perdido Fuente de clasificación Estado dañado No se presta Biblioteca propietaria Biblioteca de reserva Fecha de adquisición Procedencia Total de préstamos Signatura topográfica completa Código de barras (nº de inventario) Fecha visto por última vez Catalogador y fecha Tipo de ítem Koha Nota pública
    Universal Decimal Classification   No se presta Biblioteca Pedagógica Eudoro Díaz Biblioteca Pedagógica Eudoro Díaz 12/05/2026 donación   IA 372.4 B 24 42442 13/05/2026 nn 13/05/2026 Libro No se presta